Australian Open Men's Champions - Statistics

General Stats
  • This quiz has been taken 90 times
    56 since last reset
  • The average score is 29 of 49
Answer Stats
Hint Answer % Correct
2016 Novak Djokovic
98%
2015 Novak Djokovic
98%
2013 Novak Djokovic
98%
2012 Novak Djokovic
98%
2011 Novak Djokovic
98%
2008 Novak Djokovic
98%
2017 Roger Federer
98%
2010 Roger Federer
98%
2007 Roger Federer
98%
2006 Roger Federer
98%
2004 Roger Federer
98%
2009 Rafael Nadal
93%
2014 Stan Wawrinka
82%
2003 Andre Agassi
77%
2001 Andre Agassi
77%
2000 Andre Agassi
77%
1995 Andre Agassi
77%
1997 Pete Sampras
73%
1994 Pete Sampras
73%
1969 Rod Laver
68%
2005 Marat Safin
66%
1990 Ivan Lendl
59%
1989 Ivan Lendl
59%
1996 Boris Becker
55%
1991 Boris Becker
55%
1993 Jim Courier
55%
1992 Jim Courier
55%
1975 John Newcombe
52%
1973 John Newcombe
52%
1987 Stefan Edberg
52%
1985 Stefan Edberg
52%
1974 Jimmy Connors
50%
1999 Yevgeny Kafelnikov
45%
1988 Mats Wilander
43%
1984 Mats Wilander
43%
1970 Arthur Ashe
36%
1980 Guillermo Vilas
32%
1979 Guillermo Vilas
32%
1972 Ken Rosewall
27%
1971 Ken Rosewall
27%
1998 Petr Korda
27%
2002 Thomas Johannson
23%
1976 Mark Edmondson
20%
1983 Johan Kriek
18%
1982 Johan Kriek
18%
1977 Roscoe Tanner
16%
1981 Brian Teacher
14%
2018 Roger Federer
9%
1978 Vitas Gerulatis
2%
No matching quizzes found
Score Distribution
Percent of People with Each Score
Percentile by Number Answered
Your Score History
You have not taken this quiz since the last reset